000
00283nam a22001337a 4500
008
170615b xxu||||| |||| 00| 0 eng d
020
_a
9781566430371
041
_a
eng
080
_a
324
100
_a
19
101
_a
SHP
245
_a
HOW RUSSIA VOTES
_c
WHITE,S
942
_2
udc
_c
BK
999
_c
17476
_d
17476